Estratégias textuais na na poesia de J. Camelo Ponte (Record no. 145494)

MARC details
000 -LÍDER
campo de controle de tamanho fixo 00416 a2200169 4500
001 - NÚMERO DE CONTROLE
campo de controle 145494
040 ## - FONTE DA CATALOGAÇÃO
Instituição que transcreveu o registro Leonardo Da Vinci
041 ## - CÓDIGO DE IDIOMA
Código do idioma do texto/trilha sonora ou título diferente Português
082 ## - CDD - CLASSIFICAÇÃO DECIMAL DE DEWEY
Número de Classificação 808.3 A447e
Número do exemplar A447e
100 ## - ENTRADA PRINCIPAL--NOME PESSOAL
Nome pessoal ALMEIDA, Mônica de
245 ## - TÍTULO
Título Estratégias textuais na na poesia de J. Camelo Ponte
260 ## - PUBLICAÇÃO, DISTRIBUIÇÃO, ETC.
Nome do editor, distribuidor, etc. Linguagem Editora
Data da publicação, distribuição, etc. 2001
Local de publicação, distribuição, etc. São Paulo
300 ## - DESCRIÇÃO FÍSICA
Extensão 72
362 ## - DATAS DE PUBLICAÇÃO E/OU DESIGNAÇÃO SEQUENCIAL
Datas de publicação e/ou designação sequencial 00002001
697 ## - ENTRADA DE ASSUNTO LOCAL--ENTIDADE COLETIVA (RLIN)
Nome corporativo ou nome da jurisdição Poesia
942 ## - ELEMENTOS DE ENTRADA ADICIONADOS (KOHA)
Tipo de material Koha Livros
Holdings
Situação do descarte Situação das perdas Situação física Não pode ser emprestado Biblioteca de origem Biblioteca atual Data de aquisição Total de empréstimos Número de chamada completo Código de barras Data de último acesso Data do preço efetivo Tipo de material Koha
        LEONARDO DA VINCI - BUTANTÃ LEONARDO DA VINCI - BUTANTÃ 27/03/2024   808.3 A447e B00870 27/03/2024 27/03/2024 Livros
        Leonardo Da Vinci - Granja Viana Leonardo Da Vinci - Granja Viana 27/03/2024   808.3 A447e G01645 27/03/2024 27/03/2024 Livros